Jornadas de información técnica para productores.
Guardado en:
| Formato: | Libro |
|---|---|
| Idioma: | Spanish |
| Publicado: |
Rafaela :
INTA,
1991.
|
| Etiquetas: |
Agregar Etiqueta
Sin Etiquetas, Sea el primero en etiquetar este registro!
|
| LEADER | 00377nam a22001215a 4500 | ||
|---|---|---|---|
| 001 | EEA.libagro004539 | ||
| 005 | 20181113104112.0 | ||
| 008 | 130809s1991####ag#a##########000#0#spa#d | ||
| 082 | 0 | 4 | |a 630.715 |
| 245 | 1 | 0 | |a Jornadas de información técnica para productores. |
| 260 | |a Rafaela : |b INTA, |c 1991. | ||
| 300 | |a 135 p. : |b il. ; |c 27 cm. | ||
| 859 | |a AR-BbBCA |b BIB. AGRONOMIA |h 630.715 |i A691 |p 1991/1784 | ||
